[Event "Mecklenburg VP LL2 Ost 1617"]
[Site "Mecklenburg VP"]
[Date "2016.11.20"]
[Round "3.4"]
[White "Schubert, Volker"]
[Black "Scheel, Manfred"]
[Result "1/2-1/2"]
[WhiteElo "1897"]
[BlackElo "1676"]
[PlyCount "49"]
[EventDate "2016.10.16"]
[EventType "team-tourn"]
[EventRounds "9"]
[EventCountry "GER"]
[SourceTitle "EXT 2022"]
[Source "ChessBase"]
[SourceDate "2021.10.06"]
[SourceVersion "1"]
[SourceVersionDate "2021.10.06"]
[SourceQuality "1"]
[WhiteTeam "Wolgast Motor"]
[BlackTeam "Bergen Rugia"]
[WhiteTeamCountry "GER"]
[BlackTeamCountry "GER"]

1. d4 d5 2. c4 Nf6 3. cxd5 Qxd5 4. Nc3 Qd8 5. Bf4 c6 6. e4 e6 7. Nf3 Bb4 8. Bd3 Nbd7 9. 0-0 h6 10. a3 Ba5 11. Rc1 0-0 12. Qe2 Re8 13. Rfd1 Nb8 14. Bb1 Bc7 15. Bxc7 Qxc7 16. e5 Nd5 17. Ne4 Qe7 18. g3 Rd8 19. h4 Bd7 20. h5 Be8 21. Nd6 f5 22. Nxe8 Qxe8 23. Nh4 Rd7 24. g4 Qe7 25. Ng2 1/2-1/2

[Event "Mecklenburg VP LL2 Ost 1516"]
[Site "Mecklenburg VP"]
[Date "2015.12.13"]
[Round "4.6"]
[White "Gloeckner, Jan"]
[Black "Scheel, Manfred"]
[Result "0-1"]
[WhiteElo "1523"]
[BlackElo "1592"]
[PlyCount "122"]
[EventDate "2015.09.20"]
[EventType "team-tourn"]
[EventRounds "9"]
[EventCountry "GER"]
[SourceTitle "EXT 2022"]
[Source "ChessBase"]
[SourceDate "2021.10.06"]
[SourceVersion "1"]
[SourceVersionDate "2021.10.06"]
[SourceQuality "1"]
[WhiteTeam "Neubrandenburg SG Eintracht III"]
[BlackTeam "Bergen Rugia"]
[WhiteTeamCountry "GER"]
[BlackTeamCountry "GER"]

1. e4 e5 2. d4 exd4 3. c3 Nf6 4. e5 Qe7 5. Nf3 dxc3 6. Bc4 cxb2 7. Bxf7+ Kxf7 8. Qb3+ d5 9. Bxb2 Qb4+ 10. Nc3 Qxb3 11. axb3 Ne8 12. Nxd5 Be6 13. Ng5+ Kg6 14. Nxe6 Na6 15. Rc1 c6 16. Ndf4+ Kf7 17. Ng5+ Kg8 18. e6 h6 19. Nf7 Rh7 20. 0-0 Nec7 21. Ne5 Nc5 22. Rfd1 N5xe6 23. Nxe6 Nxe6 24. Rd7 g5 25. Rcd1 Rxd7 26. Nxd7 Rd8 27. Bf6 Re8 28. Bc3 Bg7 29. Nf6+ Bxf6 30. Bxf6 Kf7 31. Bc3 Rd8 32. Rxd8 Nxd8 33. f3 Ne6 34. b4 c5 35. bxc5 Nxc5 36. Bd4 b6 37. Kf2 Ne6 38. Be3 Kf6 39. g3 Ke5 40. h4 a5 41. Bxb6 a4 42. Ba5 Kd4 43. Bb4 Kc4 44. Be7 gxh4 45. gxh4 Nc5 46. Ke2 a3 47. Bf6 Nb3 48. Ke3 a2 49. f4 Kd5 50. f5 a1Q 51. Bxa1 Nxa1 52. Kf4 Nc2 53. Kg4 Nd4 54. Kf4 Kd6 55. Ke4 Nc6 56. Kf4 Ne5 57. Ke4 Nf7 58. Kf4 h5 59. Ke4 Ke7 60. Kf3 Kf6 61. Kf4 Nh6 0-1

[Event "Mecklenburg VP LL2 Ost 1415"]
[Site "Mecklenburg VP"]
[Date "2015.01.18"]
[Round "5.8"]
[White "Scheel, Manfred"]
[Black "Kollark, Lukas"]
[Result "1-0"]
[WhiteElo "1501"]
[BlackElo "1403"]
[PlyCount "89"]
[EventDate "2014.09.21"]
[EventType "team-tourn"]
[EventRounds "9"]
[EventCountry "GER"]
[SourceTitle "EXT 2022"]
[Source "ChessBase"]
[SourceDate "2021.10.06"]
[SourceVersion "1"]
[SourceVersionDate "2021.10.06"]
[SourceQuality "1"]
[WhiteTeam "Bergen Rugia"]
[BlackTeam "Waren ESV"]
[WhiteTeamCountry "GER"]
[BlackTeamCountry "GER"]

1. e4 e5 2. Nf3 Nc6 3. d4 exd4 4. Nxd4 Bc5 5. c3 Nge7 6. Be3 Bb6 7. Bd3 Ne5 8. Be2 c6 9. 0-0 0-0 10. Nd2 d5 11. N2f3 Ng4 12. exd5 Nxe3 13. fxe3 Nxd5 14. Qd2 Re8 15. e4 Nf6 16. e5 Nd5 17. Ng5 f6 18. exf6 Nxf6 19. Bc4+ Nd5 20. Qf4 Qc7 21. Qf3 Be6 22. Kh1 Bxd4 23. cxd4 Qd7 24. Rae1 Nc7 25. Bxe6+ Nxe6 26. Qb3 Rf8 27. Rxf8+ Rxf8 28. Nxe6 Rf5 29. Nc5+ Qd5 30. Qxd5+ Rxd5 31. Rf1 h6 32. Rd1 b6 33. Nb3 c5 34. h3 c4 35. Nc1 a5 36. Ne2 g5 37. Nc3 Rf5 38. Rd2 Kf7 39. Kg1 b5 40. Rf2 Rxf2 41. Kxf2 b4 42. Na4 Ke6 43. Ke3 Kd6 44. Nb6 c3 45. bxc3 1-0